Statistics for The 10 Most Populated Countries in Europe - Map Quiz

Click here to take the quiz!

General Stats

  • This quiz has been taken 69 times
  • The average score is 6 of 10

Answers on the Map

Answers color-coded by a green-red scale on the quiz's map according to % correct below.
Loading ...
 

Answer Stats

Answer% Correct
Germany
91%
France
89%
Italy
86%
Russia
84%
United Kingdom
82%
Spain
70%
Ukraine
61%
Poland
39%
Romania
27%
Netherlands
18%

Score Distribution

Percentile by Number Answered

Percent of People with Each Score

Your Score History

You have not taken this quiz